000 00643nam a2200229 i 4500
001 42803
003 ES-MaACL
005 20250712062541.0
007 t|
008 030314s1983 sp ||||1| spa d
020 _a84-322-0484-6
080 _a821.134.2-31"19"
100 1 _aCela, Camilo José,
_d1916-2002
_937336
245 1 0 _aMazurca para dos muertos /
_cCamilo José Cela.
250 _a3ª ed.
260 _aBarcelona :
_bSeix Barral,
_c1983.
300 _a266 p. ;
_c20 cm.
490 1 _aBiblioteca breve ;
_v637
830 1 _aBiblioteca breve (Seix Barral)
_v637
_9227188
852 4 _aES-MaACL
_jL-5394
999 _c42803
_d42803